000 00343 a2200157 4500
001 48807
040 _cAnchieta - Bela Vista
100 _aColasanti, Marina
240 1 0 _aOfélia, a ovelha
_lpor
245 1 0 _aOfélia, a ovelha
300 _a16
362 0 _a2003
440 1 _aGlobal
650 4 _aLiteratura infanto-juvenil
942 _cBK
999 _c48807
_d48807